| 000 | 01512nam a22003017a 4500 | ||
|---|---|---|---|
| 005 | 20080918163843.0 | ||
| 008 | 080918t xxu||||| |||| 00| 0 hin d | ||
| 010 | _aHIN-92642 | ||
| 020 |
_a9788177113075 _c200.00 |
||
| 035 | _aHN-64988 | ||
| 037 | _bDBAD / PUB | ||
| 040 |
_aDPL _bHN |
||
| 082 | _a821 | ||
| 100 |
_9747 _aसोनी, रामेश्वर |
||
| 245 |
_aपछाँटा / _cरामेश्वर सोनी; नन्द किशोर सोनी द्वारा संपादित |
||
| 260 |
_aजयपुर _bसाहित्यागार _c2011 |
||
| 270 |
_aधामाणी मार्केट की गली, चौड़ा रास्ता _bजयपुर |
||
| 300 |
_a152पृ. _c22सेमी (सजिल्द) _bसचित्र |
||
| 650 |
_9697 _aहिन्दी कविता |
||
| 650 |
_9698 _aHindi Poetry |
||
| 700 |
_927881 _aसोनी, नन्द किशोर |
||
| 700 | _927882 | ||
| 700 | _927883 | ||
| 942 |
_2ddc _cHN _mसोनीरा _h821 |
||
| 999 |
_c52261 _d52261 |
||